|
|
|
|
| LEADER |
00000naa2a2200000 4500 |
| 001 |
151373 |
| 005 |
20231031150624.0 |
| 035 |
|
|
|a (RuTPU)RU\TPU\book\164117
|
| 090 |
|
|
|a 151373
|
| 100 |
|
|
|a 20090122d2008 k y0rusy50 ca
|
| 101 |
0 |
|
|a rus
|
| 102 |
|
|
|a RU
|
| 200 |
1 |
|
|a Функциональные характеристики АПК "Рейтинг" для автоматизации учебного процесса
|f М. И. Логинов, А. С. Пименов
|g науч. рук. В. А. Молодых
|
| 320 |
|
|
|a Библиогр.: 1 назв.
|
| 461 |
|
1 |
|0 (RuTPU)RU\TPU\book\156858
|t Современные техника и технологии
|o 14 Международная научно-практическая конференция студентов, аспирантов и молодых ученых, г. Томск, 24-28 марта 2008 г.
|o труды
|o в 3 т.
|f Томский политехнический университет (ТПУ)
|d 2008
|
| 463 |
|
1 |
|0 (RuTPU)RU\TPU\book\158716
|t Т. 2
|v С. 330-331
|d 2008
|p 434 с.
|
| 610 |
1 |
|
|a учебные процессы
|
| 610 |
1 |
|
|a автоматизация
|
| 610 |
1 |
|
|a компьютеризация
|
| 610 |
1 |
|
|a тестирование
|
| 610 |
1 |
|
|a программы
|
| 610 |
1 |
|
|a программные комплексы
|
| 610 |
1 |
|
|a АРМ-студента
|
| 610 |
1 |
|
|a АРМ-преподавателя
|
| 610 |
1 |
|
|a труды учёных ТПУ
|
| 700 |
|
1 |
|a Логинов
|b М. И.
|
| 701 |
|
1 |
|a Пименов
|b А. С.
|
| 702 |
|
1 |
|a Молодых
|b В. А.
|4 727
|
| 801 |
|
1 |
|a RU
|b 63413507
|c 20090122
|g PSBO
|
| 801 |
|
2 |
|a RU
|b 63413507
|c 20180123
|g RCR
|
| 942 |
|
|
|c BK
|